MARC

LEADER 00000nam0a2200000 4500
001 355228
005 20231102010755.0
010 |b 7000 экз. 
035 |a (RuTPU)RU\TPU\retro\12487 
090 |a 355228 
100 |a 20200703d1944 m y0rusy50 ca 
101 0 |a rus 
102 |a RU 
105 |a a j 001zy 
200 1 |a Основы техники релейной защиты  |e учебник для электротехнических специальностей втузов  |f М. Ф. Костров, И. И. Соловьев, А. М. Федосеев  |g под общ. ред. А. М. Федосеева 
210 |a Москва  |a Ленинград  |c Госэнергоиздат  |d 1944 
215 |a 436 с.  |c ил. 
300 |a Подписано к печати 12/XII 1944 г. 
320 |a Библиогр.: с. 426-428 
320 |a Алф. указ.: с. 429-431 
606 1 |a Релейная защита в целом  |2 stltpush  |3 (RuTPU)RU\TPU\subj\24926  |9 49192 
610 1 |a кабельные сети 
610 1 |a воздушные сети 
610 1 |a повреждения 
610 1 |a замыкания 
610 1 |a ненормальные режимы работы 
610 1 |a максимальная токовая защита 
610 1 |a направленная защита 
610 1 |a дистанционная защита 
610 1 |a дифференциальная защита 
610 1 |a генераторы 
610 1 |a трансформаторы 
610 1 |a шины 
610 1 |a асинхронные двигатели 
610 1 |a синхронные двигатели 
610 1 |a проектирование 
610 1 |a монтаж 
610 1 |a учебники 
610 1 |a коллекция: 1941-1945 гг. 
610 1 |a Великая Отечественная война 1941-1945 
675 |a 621.316.925.1(075.8)  |v 4 
700 1 |a Костров  |b М. Ф. 
701 1 |a Соловьев  |b И. И. 
701 1 |a Федосеев  |b А. М. 
702 1 |a Федосеев  |b А. М.  |4 340 
801 1 |a RU  |b 63413507  |c 20200703 
801 2 |a RU  |b 63413507  |c 20200703  |g RCR 
942 |c BK